Hawaii Islands names - Statistics

General Stats
  • This quiz has been taken 23 times
  • The average score is 6 of 8
Answer Stats
Island's Name % Correct
Hawai'i
100%
Kauai
95%
Maui
89%
Lanai
84%
O'ahu
84%
Moloka'i
79%
Ni'ihau
53%
Kaho'olawe
32%
No matching quizzes found
Score Distribution
Percent of People with Each Score
Percentile by Number Answered
Your Score History
You have not taken this quiz